| 000 | 00385nam a2200157 4500 | ||
|---|---|---|---|
| 005 | 20260217103700.0 | ||
| 008 | CUC123 | ||
| 020 | _a81259-09788 | ||
| 050 |
_aHF 5635 MAH _b1 |
||
| 100 | _aMAHESHWARI, S.N | ||
| 245 | _aPROBLEMS AND SOLUTIONS IN ADVANCED ACCOUNTACY VOL. 1 | ||
| 260 |
_aNEW DELHI _bVIKAS _c2003 |
||
| 300 | _aViii,4..75 | ||
| 700 | _aMAHESHWARI S.K | ||
| 942 |
_2lcc _cBK _n0 |
||
| 999 |
_c8742 _d8742 |
||